Administración de la información (Registro nro. 3316)
[ vista simple ]
| 000 -CABECERA | |
|---|---|
| campo de control de longitud fija | 00810aam a2200277 4500 |
| 005 - FECHA Y HORA DE ACTUALIZACIÓN | |
| campo de control | 20211124171611.0 |
| 008 - LONGITUD FIJA | |
| campo de control de longitud fija | 150326b xxu||||| |||| 00| 0 spa d |
| 041 ## - IDIOMA | |
| Código de idioma del texto/pista de sonido o título separado | |
| 082 ## - CLASIFICACIÓN DECIMAL DEWEY | |
| Número de clasificación | 651.53 A444a |
| 100 ## - AUTOR PERSONAL | |
| Nombre de persona | Alvarado Aguilar, Mabel |
| 245 ## - TÍTULO PROPIAMENTE DICHO | |
| Título | Administración de la información |
| 260 ## - PIE DE IMPRENTA | |
| Lugar de publicación, distribución, etc. | Costa Rica |
| Nombre del editor, distribuidor, etc. | EUNED |
| Fecha de publicación, distribución, etc. | 2007 |
| 300 ## - DESCRIPCIÓN FÍSICA | |
| Extensión | 192 páginas |
| 650 ## - Materia General | |
| Materia general | INFORMACIÓN |
| 650 ## - Materia General | |
| Materia general | ARCHIVOS DE OFICINA |
| 650 ## - Materia General | |
| Materia general | ORGANIZACIÓN |
| 650 ## - Materia General | |
| Materia general | ARCHIVÍSTICA |
| 650 ## - Materia General | |
| Materia general | EQUIPO |
| 650 ## - Materia General | |
| Materia general | MATERIALES |
| 650 ## - Materia General | |
| Materia general | SISTEMA DE ARCHIVO |
| 650 ## - Materia General | |
| Materia general | CONSERVACIÓN DE DOCUMENTOS |
| 650 ## - Materia General | |
| Materia general | LEGISLACIÓN |
| 650 ## - Materia General | |
| Materia general | LOCALIZACIÓN DE DOCUMENTOS |
| 650 ## - Materia General | |
| Materia general | ARCHIVOS EN COMPUTADORA |
| 942 ## - Punto de Acceso Adicional Koha | |
| Tipo de ítem Koha | Libro |
| Estado perdido | Estado dañado | No para préstamo | Biblioteca permanente | Biblioteca actual | Signatura completa | Código de barras | Precio efectivo a partir del | Tipo de ítem |
|---|---|---|---|---|---|---|---|---|
| Departamento de Biblioteca y Documentación Alfonso Chase Brenes | Departamento de Biblioteca y Documentación Alfonso Chase Brenes | 651.53 A444a | 13774 | 03/10/2016 | Libro | |||
| Departamento de Biblioteca y Documentación Alfonso Chase Brenes | Departamento de Biblioteca y Documentación Alfonso Chase Brenes | 651.53 A444a | 13776 | 03/10/2016 | Libro | |||
| Departamento de Biblioteca y Documentación Alfonso Chase Brenes | Departamento de Biblioteca y Documentación Alfonso Chase Brenes | 651.53 A444a | 13771 | 03/10/2016 | Libro | |||
| Departamento de Biblioteca y Documentación Alfonso Chase Brenes | Departamento de Biblioteca y Documentación Alfonso Chase Brenes | 651.53 A444a | 13775 | 03/10/2016 | Libro | |||
| Departamento de Biblioteca y Documentación Alfonso Chase Brenes | Departamento de Biblioteca y Documentación Alfonso Chase Brenes | 651.53 A444a | 13766 | 03/10/2016 | Libro | |||
| Departamento de Biblioteca y Documentación Alfonso Chase Brenes | Departamento de Biblioteca y Documentación Alfonso Chase Brenes | 651.53 A444a | 13767 | 03/10/2016 | Libro | |||
| Departamento de Biblioteca y Documentación Alfonso Chase Brenes | Departamento de Biblioteca y Documentación Alfonso Chase Brenes | 651.53 A444a | 13772 | 03/10/2016 | Libro | |||
| Departamento de Biblioteca y Documentación Alfonso Chase Brenes | Departamento de Biblioteca y Documentación Alfonso Chase Brenes | 651.53 A444a | 11315 | 03/10/2016 | Libro | |||
| Departamento de Biblioteca y Documentación Alfonso Chase Brenes | Departamento de Biblioteca y Documentación Alfonso Chase Brenes | 651.53 A444a | 13769 | 03/10/2016 | Libro | |||
| Departamento de Biblioteca y Documentación Alfonso Chase Brenes | Departamento de Biblioteca y Documentación Alfonso Chase Brenes | 651.53 A444a | 13768 | 03/10/2016 | Libro | |||
| Departamento de Biblioteca y Documentación Alfonso Chase Brenes | Departamento de Biblioteca y Documentación Alfonso Chase Brenes | 651.53 A444a | 7669 | 03/10/2016 | Libro | |||
| Departamento de Biblioteca y Documentación Alfonso Chase Brenes | Departamento de Biblioteca y Documentación Alfonso Chase Brenes | 651.53 A444a | 13770 | 03/10/2016 | Libro | |||
| Departamento de Biblioteca y Documentación Alfonso Chase Brenes | Departamento de Biblioteca y Documentación Alfonso Chase Brenes | 651.53 A444a | 13777 | 03/10/2016 | Libro | |||
| Departamento de Biblioteca y Documentación Alfonso Chase Brenes | Departamento de Biblioteca y Documentación Alfonso Chase Brenes | 651.53 A444a | 13773 | 03/10/2016 | Libro |